Squadre che hanno militato in Serie A - Statistics

Statistiche generali
  • Questo quiz è stato fatto 177 volte
  • Il punteggio medio è 11 su 21
Answers on the Grid
Answers color-coded by a green-red scale on the quiz's grid according to % correct below.
AlbinoLeffe
Ancona
Arezzo
Ascoli
Avellino
Barletta
Brindisi
Carpi
Casale
Casertana
Cesena
Cittadella
Cosenza
Feralpisalò
Foggia
Forlì
Gallipoli
Grosseto
Gubbio
Latina
Legnano
Lucchese
Matera
Modena
Novara
Pescara
Piacenza
Pistoiese
Pordenone
Potenza
Prato
Pro Patria
Reggiana
Reggina
Sampierdarenese
Savona
Südtirol
Taranto
Ternana
Treviso
Triestina
Virtus Entella
 
Statistiche sulle risposte
Risposta % Corretto
Cesena
69%
Ascoli
68%
Avellino
65%
Pescara
65%
Ancona
64%
Carpi
64%
Novara
60%
Modena
58%
Reggina
56%
Foggia
54%
Reggiana
54%
Casale
53%
Piacenza
52%
Triestina
50%
Treviso
44%
Pro Patria
42%
Ternana
42%
Sampierdarenese
35%
Lucchese
33%
Pistoiese
29%
Legnano
23%
Nessun quiz corrispondente trovato
Distribuzione punteggi
Percentuale di utenti per punteggio
Percentile per numero di risposta
I tuoi punteggi nel tempo
Non hai fatto questo quiz